IKEA Namen - Statistiken

Allgemein
  • Dieses Quiz wurde 125 mal gespielt
  • Das Durchschnittsergebnis liegt bei 5 aus 14
Antwortstatistiken
Name Möbelstück/Gegenstand % Korrekt
BILLY Regal
83%
KALLAX Regal
81%
MALM Kommode
77%
PAX Schrank
75%
LACK Tisch
65%
SINNERLIG Lampe
24%
DJUNGELSKOG Stofftier
18%
GLADELIG Teller
14%
HEDBLOMSTER Kissen
12%
STOENSE Teppich
12%
FEJKA Kunstpflanze
10%
FENOMEN Kerze
9%
HOVET Spiegel
7%
RÖRT Kochlöffel
4%
Keine übereinstimmenden Quizze gefunden
Verteilung der Resultate
Anzahl Personen mit jedem Resultat
Perzentil nach korrekt beantworteten Fragen
Ihre Resultats-Entwicklung
Sie haben dieses Quiz noch nicht gespielt